[Event "AUTO-ADV-4926"]
[Site "http://www.queenalice.com/game.php?id=1870873"]
[Date "2026.3.24"]
[Round "1"]
[White "mvson33"]
[Black "Rafale2000"]
[Result "0-1"]
[WhiteElo "1822"]
[BlackElo "2017"]

1. e4 Nf6 2. e5 Nd5 3. d4 d6 4. f4 Nc6 5. Nf3 Bg4 6. Be2 dxe5 7. fxe5 e6 8. O-O
b6 9. Bg5 Be7 10. Nbd2 Bxf3 11. Nxf3 Bxg5 12. Nxg5 Qxg5 13. Bb5 Ne7 14. c3 O-O
15. Qf3 Na5 16. Ba4 c6 17. Bc2 Nc4 18. Qd3 Qe3+ 19. Kh1 Qxd3 20. Bxd3 Nxb2 21.
Be2 Na4 22. Rfc1 b5 23. Kg1 Nd5 0-1

[Event "AUTO-ADV-4926"]
[Site "http://www.queenalice.com/game.php?id=1870874"]
[Date "2026.3.24"]
[Round "1"]
[White "Rafale2000"]
[Black "mvson33"]
[Result "1-0"]
[WhiteElo "1967"]
[BlackElo "1870"]

1. e4 c5 2. c3 d6 3. d4 cxd4 4. cxd4 Nf6 5. Nc3 g6 6. Bb5+ Bd7 7. Qa4 Bg7 8. Nf3
O-O 9. Be3 a6 10. Bxd7 Nbxd7 11. O-O Rc8 12. Rfd1 Qc7 13. Rac1 Qd8 14. e5 Ne8
15. exd6 Nxd6 16. Nd5 Nb5 17. Rxc8 Qxc8 18. Nxe7+ 1-0

[Event "AUTO-ADV-4926"]
[Site "http://www.queenalice.com/game.php?id=1870893"]
[Date "2026.3.24"]
[Round "1"]
[White "Rafale2000"]
[Black "maurice916"]
[Result "1-0"]
[WhiteElo "2008"]
[BlackElo "1840"]

1. e4 c6 2. d4 d5 3. Nc3 dxe4 4. Nxe4 Nf6 5. Nxf6+ exf6 6. Bc4 Bd6 7. Be3 O-O 8.
c3 h5 9. Qxh5 Na6 10. O-O-O b5 11. Bd3 g6 12. Bxg6 fxg6 13. Qxg6+ Kh8 14. d5 c5
15. h4 Qe7 16. h5 f5 17. Qh6+ Qh7 18. Bf4 Rf7 19. Qxd6 Bb7 20. Be5+ Kg8 21. Qg6+
Qxg6 22. hxg6 Rg7 23. Bxg7 Kxg7 24. Rh7+ 1-0

[Event "AUTO-ADV-4926"]
[Site "http://www.queenalice.com/game.php?id=1870894"]
[Date "2026.3.24"]
[Round "1"]
[White "maurice916"]
[Black "Rafale2000"]
[Result "0-1"]
[WhiteElo "1841"]
[BlackElo "1995"]

1. Nf3 Nf6 2. b3 d6 3. Bb2 e5 4. d3 Bg4 5. e4 Be7 6. Be2 O-O 7. Nbd2 Nc6 8. O-O
Re8 9. h3 Bd7 10. a3 b5 11. b4 a5 12. c3 axb4 13. axb4 Rxa1 14. Bxa1 Qa8 15. Nh2
Qa2 16. Qb1 Qxd2 17. Re1 Qg5 18. Nf3 Qh6 19. Bb2 Ra8 20. Bc1 Qh5 21. d4 exd4 22.
Nxd4 Qg6 23. Bf3 Nxd4 24. cxd4 Bxh3 25. e5 Qxb1 0-1

[Event "AUTO-OPEN-4644"]
[Site "http://www.queenalice.com/game.php?id=1870909"]
[Date "2026.3.24"]
[Round "1"]
[White "chessman"]
[Black "Rafale2000"]
[Result "0-1"]
[WhiteElo "1993"]
[BlackElo "1992"]

1. e4 Nf6 2. d3 e5 3. f4 Nc6 4. Nf3 d6 5. fxe5 dxe5 6. Nc3 Bg4 7. Be3 Bb4 8. Be2
O-O 9. O-O Re8 10. Nb1 Ba5 11. c3 Bb6 12. Bxb6 axb6 13. Nbd2 Nd7 14. h3 Be6 15.
Nb3 Bxb3 16. axb3 Rxa1 17. Qxa1 Nc5 18. Rd1 Nxb3 19. Qa3 Nca5 20. Nd2 Nxd2 21.
d4 Ndc4 22. Bxc4 Nxc4 23. Qb3 Ne3 24. Rd2 exd4 25. Rxd4 Qg5 26. Rd2 Ra8 27. Rf2
Ra1+ 28. Kh2 Nf1+ 0-1

[Event "AUTO-OPEN-4644"]
[Site "http://www.queenalice.com/game.php?id=1870910"]
[Date "2026.3.24"]
[Round "1"]
[White "Rafale2000"]
[Black "chessman"]
[Result "1-0"]
[WhiteElo "2005"]
[BlackElo "2010"]

1. e4 e6 2. d4 d5 3. Nd2 dxe4 4. Nxe4 Nd7 5. Bd3 Ngf6 6. Bg5 Be7 7. c3 Nxe4 8.
Bxe7 Qxe7 9. Bxe4 Nf6 10. Bd3 O-O 11. Nf3 a6 12. O-O Rb8 13. Qc2 h6 14. Rfe1 Bd7
15. Ne5 Bc6 16. c4 Rbd8 17. Nxc6 bxc6 18. Rad1 c5 19. d5 exd5 20. a3 Qd7 21.
cxd5 Nxd5 22. Bxa6 c6 23. Qxc5 Rfe8 24. Bc4 Rxe1+ 25. Rxe1 Re8 26. Rd1 Qe6 27.
h3 Rd8 28. a4 Ra8 29. a5 Qd7 30. Bxd5 cxd5 31. Rxd5 Qb7 32. b4 Rc8 33. Qd4 Qb8
34. g3 1-0